[Event "Irena Warakomska Memorial A"]
[Site "Suwalki"]
[Date "2021.07.30"]
[Round "5"]
[White "Kumala, Aleksander"]
[Black "Golenia, Jan"]
[Result "0-1"]
[Board "31"]
[WhiteElo "2206"]
[WhiteTitle "CM"]
[WhiteCountry "POL"]
[WhiteFideId "1141880"]
[WhiteEloChange "-13"]
[BlackElo "2103"]
[BlackCountry "POL"]
[BlackFideId "21800227"]
[BlackEloChange "13"]

1. e4 {[%clk 1:30:58]} e5 {[%clk 1:30:29]} 2. Nc3 {[%clk 1:31:23]} Nf6 {[%clk
1:30:09]} 3. Bc4 {[%clk 1:31:47]} Nc6 {[%clk 1:29:06]} 4. d3 {[%clk 1:32:12]} Na5
{[%clk 1:27:15]} 5. Qf3 {[%clk 1:32:35]} Nxc4 {[%clk 1:25:55]} 6. dxc4 {[%clk
1:33:02]} d6 {[%clk 1:17:43]} 7. Nge2 {[%clk 1:32:55]} Be6 {[%clk 1:11:26]} 8. b3
{[%clk 1:33:19]} c6 {[%clk 1:11:21]} 9. Bg5 {[%clk 1:30:22]} Be7 {[%clk 1:10:27]}
10. h3 {[%clk 1:28:24]} h6 {[%clk 1:07:56]} 11. Be3 {[%clk 1:21:15]} Qa5 {[%clk
1:00:05]} 12. Bd2 {[%clk 1:09:50]} Qc7 {[%clk 1:00:03]} 13. Qe3 {[%clk 1:10:07]}
g5 {[%clk 0:38:44]} 14. O-O-O {[%clk 1:00:12]} a6 {[%clk 0:36:41]} 15. g3 {[%clk
0:50:21]} b5 {[%clk 0:33:21]} 16. f4 {[%clk 0:46:06]} bxc4 {[%clk 0:30:30]} 17.
Na4 {[%clk 0:45:23]} cxb3 {[%clk 0:29:58]} 18. axb3 {[%clk 0:45:28]} c5 {[%clk
0:26:39]} 19. c4 {[%clk 0:37:02]} Rb8 {[%clk 0:26:12]} 20. fxe5 {[%clk 0:29:23]}
dxe5 {[%clk 0:26:40]} 21. h4 {[%clk 0:29:45]} g4 {[%clk 0:25:05]} 22. Rhf1 {[%clk
0:26:56]} Qc6 {[%clk 0:21:35]} 23. Rxf6 {[%clk 0:24:23]} Bxf6 {[%clk 0:21:13]}
24. Nxc5 {[%clk 0:24:24]} Bxc4 {[%clk 0:20:42]} 25. bxc4 {[%clk 0:24:14]} Be7
{[%clk 0:21:11]} 26. Nd7 {[%clk 0:21:05]} Qxd7 {[%clk 0:11:36]} 27. Bb4 {[%clk
0:21:17]} Qa4 {[%clk 0:09:59]} 28. Bxe7 {[%clk 0:21:24]} Rb1+ {[%clk 0:10:23]}
29. Kxb1 {[%clk 0:21:48]} Qxd1+ {[%clk 0:10:47]} 30. Ka2 {[%clk 0:20:14]} Kxe7
{[%clk 0:10:11]} 31. Nc3 {[%clk 0:20:15]} Qd4 {[%clk 0:08:32]} 32. Nd5+ {[%clk
0:20:28]} Kf8 {[%clk 0:07:28]} 33. Qa3+ {[%clk 0:20:34]} Kg7 {[%clk 0:07:54]} 34.
Qd6 {[%clk 0:19:35]} Qxc4+ {[%clk 0:07:42]} 35. Ka1 {[%clk 0:20:03]} Qf1+ {[%clk
0:07:36]} 36. Ka2 {[%clk 0:20:29]} Qf2+ {[%clk 0:07:14]} 37. Ka1 {[%clk 0:20:52]}
Qe1+ {[%clk 0:05:58]} 38. Ka2 {[%clk 0:21:19]} Qf2+ {[%clk 0:04:32]} 39. Ka1
{[%clk 0:21:46]} Qf1+ {[%clk 0:04:58]} 40. Ka2 {[%clk 0:51:31]} Re8 {[%clk
0:35:22]} 41. Nc7 {[%clk 0:49:01]} Qc4+ {[%clk 0:34:55]} 42. Ka1 {[%clk 0:49:12]}
Qc3+ {[%clk 0:35:11]} 43. Ka2 {[%clk 0:49:38]} Qa5+ {[%clk 0:35:28]} 0-1

[Event "Irena Warakomska Memorial A"]
[Site "Suwalki"]
[Date "2021.07.30"]
[Round "5"]
[White "Karolczuk, Iwo"]
[Black "Lach, Aleksandra"]
[Result "1/2-1/2"]
[Board "32"]
[WhiteElo "2129"]
[WhiteCountry "POL"]
[WhiteFideId "21816972"]
[WhiteEloChange "2"]
[BlackElo "2183"]
[BlackTitle "WIM"]
[BlackCountry "POL"]
[BlackFideId "1134299"]
[BlackEloChange "-2"]

1. e4 {[%clk 1:30:26]} c5 {[%clk 1:30:43]} 2. Nc3 {[%clk 1:30:37]} d6 {[%clk
1:25:13]} 3. Nge2 {[%clk 1:29:27]} Nf6 {[%clk 1:18:01]} 4. g3 {[%clk 1:29:43]} g6
{[%clk 1:16:05]} 5. Bg2 {[%clk 1:30:03]} Bg7 {[%clk 1:16:29]} 6. O-O {[%clk
1:30:17]} Nc6 {[%clk 1:13:29]} 7. d3 {[%clk 1:27:49]} Rb8 {[%clk 1:11:25]} 8. a4
{[%clk 1:25:33]} a6 {[%clk 1:10:38]} 9. Nd5 {[%clk 1:22:39]} e6 {[%clk 0:59:07]}
10. Nxf6+ {[%clk 1:22:53]} Qxf6 {[%clk 0:58:06]} 11. c3 {[%clk 1:22:07]} e5
{[%clk 0:48:02]} 12. f4 {[%clk 1:16:54]} Bg4 {[%clk 0:40:20]} 13. h3 {[%clk
1:13:19]} Bxe2 {[%clk 0:38:16]} 14. Qxe2 {[%clk 1:13:42]} exf4 {[%clk 0:38:13]}
15. Bxf4 {[%clk 1:13:17]} O-O {[%clk 0:33:52]} 16. Rf2 {[%clk 1:12:36]} Qe6
{[%clk 0:32:39]} 17. Qd2 {[%clk 0:57:10]} Na5 {[%clk 0:27:08]} 18. Raf1 {[%clk
0:53:47]} Qd7 {[%clk 0:20:36]} 19. Bg5 {[%clk 0:44:23]} Rbe8 {[%clk 0:16:25]} 20.
Qd1 {[%clk 0:40:34]} Nc6 {[%clk 0:14:24]} 21. Kh2 {[%clk 0:36:34]} h6 {[%clk
0:10:10]} 22. Bf6 {[%clk 0:36:21]} Bxf6 {[%clk 0:10:29]} 23. Rxf6 {[%clk
0:36:43]} Re6 {[%clk 0:10:35]} 24. R6f2 {[%clk 0:35:37]} Kg7 {[%clk 0:05:59]} 25.
Qd2 {[%clk 0:32:30]} Ne7 {[%clk 0:05:13]} 26. h4 {[%clk 0:20:43]} Qxa4 {[%clk
0:04:00]} 27. Bh3 {[%clk 0:20:53]} Re5 {[%clk 0:03:55]} 28. Rf6 {[%clk 0:20:43]}
Ng8 {[%clk 0:03:12]} 29. Rxd6 {[%clk 0:20:35]} c4 {[%clk 0:02:51]} 30. Rd4 {[%clk
0:15:45]} b5 {[%clk 0:02:09]} 31. dxc4 {[%clk 0:12:43]} bxc4 {[%clk 0:02:33]} 32.
Qe2 {[%clk 0:12:32]} Qe8 {[%clk 0:02:08]} 33. Qxc4 {[%clk 0:10:51]} a5 {[%clk
0:02:30]} 34. Rf4 {[%clk 0:07:50]} Nf6 {[%clk 0:02:06]} 35. Qc7 {[%clk 0:02:14]}
Qb8 {[%clk 0:01:16]} 36. Qc6 {[%clk 0:01:30]} Qxb2+ {[%clk 0:01:31]} 37. Bg2
{[%clk 0:01:56]} Re6 {[%clk 0:01:43]} 38. Qc5 {[%clk 0:01:37]} Nh5 {[%clk
0:01:16]} 39. Rf3 {[%clk 0:01:53]} Qe2 {[%clk 0:01:06]} 40. Rd6 {[%clk 0:30:51]}
Rfe8 {[%clk 0:30:36]} 41. Qd4+ {[%clk 0:11:24]} Kg8 {[%clk 0:19:53]} 42. Rxe6
{[%clk 0:09:16]} Rxe6 {[%clk 0:20:16]} 43. Rf1 {[%clk 0:09:14]} Qb5 {[%clk
0:15:44]} 44. Qd5 {[%clk 0:04:54]} Qb8 {[%clk 0:14:05]} 45. e5 {[%clk 0:04:47]}
Qxe5 {[%clk 0:13:52]} 46. Qxe5 {[%clk 0:05:12]} Rxe5 {[%clk 0:14:21]} 47. c4
{[%clk 0:05:33]} f5 {[%clk 0:11:46]} 48. g4 {[%clk 0:03:27]} Nf6 {[%clk 0:11:07]}
49. g5 {[%clk 0:03:28]} Ne4 {[%clk 0:04:56]} 50. Rb1 {[%clk 0:03:24]} hxg5 {[%clk
0:04:38]} 51. hxg5 {[%clk 0:03:51]} Rc5 {[%clk 0:04:20]} 52. Bxe4 {[%clk
0:03:03]} fxe4 {[%clk 0:04:49]} 53. Rb5 {[%clk 0:03:24]} Rxc4 {[%clk 0:03:27]}
54. Rxa5 {[%clk 0:03:48]} Kf7 {[%clk 0:02:05]} 55. Re5 {[%clk 0:04:10]} Rc6
{[%clk 0:02:16]} 56. Rxe4 {[%clk 0:04:22]} Rc5 {[%clk 0:02:45]} 57. Rf4+ {[%clk
0:03:53]} Ke7 {[%clk 0:03:12]} 58. Ra4 {[%clk 0:03:29]} Rxg5 {[%clk 0:03:31]} 59.
Ra6 {[%clk 0:03:50]} Kf7 {[%clk 0:03:52]} 60. Ra7+ {[%clk 0:03:41]} Kf6 {[%clk
0:04:20]} 61. Ra6+ {[%clk 0:03:33]} Kg7 {[%clk 0:04:49]} 62. Ra8 {[%clk 0:03:47]}
Rb5 {[%clk 0:05:08]} 63. Kg3 {[%clk 0:04:09]} Rb4 {[%clk 0:05:37]} 64. Ra5 {[%clk
0:04:22]} Kh6 {[%clk 0:05:55]} 65. Rc5 {[%clk 0:04:32]} Re4 {[%clk 0:05:13]} 66.
Rb5 {[%clk 0:04:49]} Re7 {[%clk 0:05:14]} 67. Kg4 {[%clk 0:05:10]} Ra7 {[%clk
0:05:40]} 68. Rc5 {[%clk 0:04:41]} Ra6 {[%clk 0:06:05]} 69. Rb5 {[%clk 0:05:02]}
Ra1 {[%clk 0:05:58]} 70. Rc5 {[%clk 0:04:07]} Rg1+ {[%clk 0:06:14]} 71. Kh4
{[%clk 0:04:20]} g5+ {[%clk 0:05:29]} 72. Kh3 {[%clk 0:04:45]} Kh5 {[%clk
0:04:31]} 73. Rc8 {[%clk 0:04:16]} Ra1 {[%clk 0:03:27]} 74. Rh8+ {[%clk 0:04:30]}
Kg6 {[%clk 0:03:56]} 75. Rg8+ {[%clk 0:04:51]} Kf6 {[%clk 0:04:22]} 76. Rf8+
{[%clk 0:04:56]} Kg7 {[%clk 0:04:51]} 77. Rb8 {[%clk 0:05:12]} Ra4 {[%clk
0:04:45]} 78. Rb6 {[%clk 0:05:36]} Rf4 {[%clk 0:05:06]} 79. Kg3 {[%clk 0:05:56]}
Rf6 {[%clk 0:05:27]} 80. Rxf6 {[%clk 0:05:21]} Kxf6 {[%clk 0:05:56]} 81. Kg4
{[%clk 0:05:42]} Kg6 {[%clk 0:06:25]} 82. Kg3 {[%clk 0:06:01]} Kf5 {[%clk
0:06:29]} 83. Kf3 {[%clk 0:06:24]} Kf6 {[%clk 0:06:51]} 84. Kg4 {[%clk 0:06:48]}
Kg6 {[%clk 0:07:20]} 85. Kg3 {[%clk 0:07:09]} Kh5 {[%clk 0:07:49]} 86. Kh3 {[%clk
0:07:30]} g4+ {[%clk 0:08:18]} 87. Kg3 {[%clk 0:07:45]} Kg5 {[%clk 0:08:47]} 88.
Kg2 {[%clk 0:07:41]} Kf4 {[%clk 0:09:09]} 89. Kf2 {[%clk 0:08:04]} Ke4 {[%clk
0:09:37]} 90. Kg3 {[%clk 0:08:18]} Kf5 {[%clk 0:10:07]} 91. Kg2 {[%clk 0:08:33]}
Kg5 {[%clk 0:10:31]} 92. Kg3 {[%clk 0:08:57]} Kh5 {[%clk 0:11:00]} 93. Kg2 {[%clk
0:09:08]} Kh4 {[%clk 0:11:29]} 94. Kh2 {[%clk 0:09:28]} g3+ {[%clk 0:11:58]} 95.
Kg2 {[%clk 0:09:41]} Kg4 {[%clk 0:12:26]} 96. Kg1 {[%clk 0:09:48]} Kf3 {[%clk
0:12:53]} 97. Kf1 {[%clk 0:09:57]} Kf4 {[%clk 0:13:22]} 98. Kg2 {[%clk 0:07:49]}
Kg4 {[%clk 0:13:49]} 99. Kg1 {[%clk 0:07:51]} g2 {[%clk 0:14:08]} 100. Kxg2
{[%clk 0:08:16]} 1/2-1/2

[Event "Irena Warakomska Memorial A"]
[Site "Suwalki"]
[Date "2021.07.30"]
[Round "5"]
[White "Derylo, Kamil"]
[Black "Praczukowski, Stanislaw"]
[Result "1/2-1/2"]
[Board "33"]
[WhiteElo "2062"]
[WhiteCountry "POL"]
[WhiteFideId "21846596"]
[WhiteEloChange "3"]
[BlackElo "2156"]
[BlackCountry "POL"]
[BlackFideId "1182730"]
[BlackEloChange "-3"]

1. d4 {[%clk 1:27:42]} d5 {[%clk 1:30:32]} 2. Bg5 {[%clk 1:27:54]} f6 {[%clk
1:25:54]} 3. Bd2 {[%clk 1:28:16]} e5 {[%clk 1:24:54]} 4. dxe5 {[%clk 1:24:10]}
fxe5 {[%clk 1:24:24]} 5. e4 {[%clk 1:23:22]} Nf6 {[%clk 1:24:39]} 6. exd5 {[%clk
1:22:54]} Bc5 {[%clk 1:24:15]} 7. b4 {[%clk 0:53:21]} Bb6 {[%clk 1:09:45]} 8. c4
{[%clk 0:53:08]} Bd4 {[%clk 1:09:17]} 9. Bc3 {[%clk 0:52:19]} O-O {[%clk
1:06:44]} 10. Bxd4 {[%clk 0:47:10]} exd4 {[%clk 1:07:04]} 11. Be2 {[%clk
0:41:18]} Qe7 {[%clk 0:48:33]} 12. Qxd4 {[%clk 0:38:37]} Qxb4+ {[%clk 0:37:58]}
13. Qd2 {[%clk 0:38:13]} Qb6 {[%clk 0:35:33]} 14. Nf3 {[%clk 0:32:26]} Ne4 {[%clk
0:34:07]} 15. Qd4 {[%clk 0:31:55]} Qxd4 {[%clk 0:28:10]} 16. Nxd4 {[%clk
0:31:59]} Nxf2 {[%clk 0:28:30]} 17. O-O {[%clk 0:31:51]} Ne4 {[%clk 0:28:08]} 18.
Rxf8+ {[%clk 0:31:41]} Kxf8 {[%clk 0:28:32]} 19. Bd3 {[%clk 0:31:10]} Nf6 {[%clk
0:28:09]} 20. Nc3 {[%clk 0:31:08]} Na6 {[%clk 0:27:14]} 21. Rf1 {[%clk 0:27:14]}
Kg8 {[%clk 0:20:50]} 22. Ncb5 {[%clk 0:23:33]} Bd7 {[%clk 0:20:31]} 23. Bf5
{[%clk 0:19:18]} 1/2-1/2

[Event "Irena Warakomska Memorial A"]
[Site "Suwalki"]
[Date "2021.07.30"]
[Round "5"]
[White "Piekielny, Pawel"]
[Black "Parol, Pola"]
[Result "1/2-1/2"]
[Board "34"]
[WhiteElo "2150"]
[WhiteCountry "POL"]
[WhiteFideId "21838828"]
[WhiteEloChange "-1"]
[BlackElo "2111"]
[BlackTitle "WFM"]
[BlackCountry "POL"]
[BlackFideId "1163116"]
[BlackEloChange "1"]

1. e4 {[%clk 1:30:30]} c5 {[%clk 1:30:54]} 2. Nf3 {[%clk 1:30:54]} d6 {[%clk
1:31:09]} 3. d4 {[%clk 1:31:19]} cxd4 {[%clk 1:31:34]} 4. Nxd4 {[%clk 1:31:44]}
Nf6 {[%clk 1:31:59]} 5. Nc3 {[%clk 1:32:09]} a6 {[%clk 1:32:21]} 6. Bg5 {[%clk
1:32:43]} e6 {[%clk 1:32:32]} 7. f4 {[%clk 1:33:05]} h6 {[%clk 1:32:37]} 8. Bh4
{[%clk 1:33:28]} Qb6 {[%clk 1:32:59]} 9. a3 {[%clk 1:33:53]} Be7 {[%clk 1:33:14]}
10. Bf2 {[%clk 1:34:18]} Qc7 {[%clk 1:33:34]} 11. Qf3 {[%clk 1:34:42]} Nc6 {[%clk
1:33:38]} 12. O-O-O {[%clk 1:35:04]} Bd7 {[%clk 1:33:51]} 13. g4 {[%clk 1:35:00]}
Nxd4 {[%clk 1:32:56]} 14. Rxd4 {[%clk 1:35:26]} e5 {[%clk 1:33:04]} 15. Rd2
{[%clk 1:34:14]} Bxg4 {[%clk 1:32:33]} 16. Qg2 {[%clk 1:34:40]} g6 {[%clk
1:31:28]} 17. Bh4 {[%clk 1:32:30]} Be6 {[%clk 1:28:48]} 18. f5 {[%clk 1:31:03]}
gxf5 {[%clk 1:05:13]} 19. exf5 {[%clk 1:29:53]} Rg8 {[%clk 0:47:50]} 20. Qf3
{[%clk 1:22:09]} Bd7 {[%clk 0:45:02]} 21. Bxf6 {[%clk 1:18:45]} Bxf6 {[%clk
0:33:43]} 22. Nd5 {[%clk 1:17:21]} Qd8 {[%clk 0:34:03]} 23. Kb1 {[%clk 1:04:45]}
Bc6 {[%clk 0:33:06]} 24. Bc4 {[%clk 1:05:08]} Bxd5 {[%clk 0:25:10]} 25. Bxd5
{[%clk 1:04:26]} Qb6 {[%clk 0:24:33]} 26. Rd3 {[%clk 1:02:40]} Qxb2+ {[%clk
0:21:40]} 27. Kxb2 {[%clk 1:03:09]} e4+ {[%clk 0:22:05]} 28. Kb3 {[%clk 1:03:16]}
exf3 {[%clk 0:22:29]} 29. Re1+ {[%clk 1:03:40]} Kf8 {[%clk 0:16:29]} 30. Rxf3
{[%clk 1:03:58]} Rb8 {[%clk 0:16:11]} 31. Rh3 {[%clk 1:02:54]} Rh8 {[%clk
0:14:13]} 32. Re4 {[%clk 1:02:55]} b5 {[%clk 0:14:24]} 33. Kb4 {[%clk 1:02:30]}
Rc8 {[%clk 0:09:11]} 34. Ka5 {[%clk 0:52:33]} Rxc2 {[%clk 0:08:18]} 35. Kxa6
{[%clk 0:52:51]} Rc5 {[%clk 0:07:49]} 36. Rd3 {[%clk 0:52:43]} Bb2 {[%clk
0:06:41]} 37. Kb6 {[%clk 0:46:12]} Kg7 {[%clk 0:04:13]} 38. Re2 {[%clk 0:32:49]}
Bf6 {[%clk 0:03:08]} 39. Rg2+ {[%clk 0:30:39]} Kf8 {[%clk 0:03:25]} 40. Re2
{[%clk 0:27:00]} Kg7 {[%clk 0:03:14]} 41. Rg2+ {[%clk 0:55:03]} Kf8 {[%clk
0:33:30]} 42. Rg4 {[%clk 0:53:27]} Ke7 {[%clk 0:27:16]} 43. Bc6 {[%clk 0:38:26]}
Rc8 {[%clk 0:22:33]} 44. Re4+ {[%clk 0:38:10]} Be5 {[%clk 0:22:01]} 45. Bb7
{[%clk 0:38:27]} Rg8 {[%clk 0:19:53]} 46. Rd5 {[%clk 0:38:16]} Rc3 {[%clk
0:18:52]} 47. Rxb5 {[%clk 0:37:52]} Rxa3 {[%clk 0:19:10]} 48. Rh4 {[%clk
0:36:55]} Rh8 {[%clk 0:18:33]} 49. Rbb4 {[%clk 0:33:18]} Kf6 {[%clk 0:17:56]} 50.
Rh5 {[%clk 0:33:33]} Ra2 {[%clk 0:09:56]} 51. Rbh4 {[%clk 0:32:56]} Rf2 {[%clk
0:09:52]} 52. Rxh6+ {[%clk 0:28:31]} Rxh6 {[%clk 0:10:20]} 53. Rxh6+ {[%clk
0:28:55]} Kxf5 {[%clk 0:10:12]} 54. h4 {[%clk 0:24:39]} Rh2 {[%clk 0:08:43]} 55.
Bd5 {[%clk 0:24:41]} f6 {[%clk 0:08:54]} 56. Kc6 {[%clk 0:22:30]} Rc2+ {[%clk
0:06:08]} 57. Kd7 {[%clk 0:22:46]} Bf4 {[%clk 0:04:54]} 58. Be6+ {[%clk 0:20:55]}
Ke5 {[%clk 0:04:14]} 59. Rh5+ {[%clk 0:21:19]} Kd4 {[%clk 0:04:36]} 60. Rd5+
{[%clk 0:19:16]} Ke3 {[%clk 0:04:38]} 61. Bf5 {[%clk 0:19:12]} Rh2 {[%clk
0:04:14]} 62. Ke6 {[%clk 0:18:36]} Be5 {[%clk 0:03:08]} 63. Rd3+ {[%clk 0:18:59]}
Kf4 {[%clk 0:03:12]} 64. Rh3 {[%clk 0:18:32]} Rxh3 {[%clk 0:03:02]} 65. Bxh3
{[%clk 0:19:00]} Kg3 {[%clk 0:03:25]} 66. Bf5 {[%clk 0:19:24]} Kxh4 {[%clk
0:03:52]} 67. Bb1 {[%clk 0:19:50]} Kg5 {[%clk 0:03:50]} 68. Bc2 {[%clk 0:20:16]}
Kf4 {[%clk 0:03:57]} 69. Bb1 {[%clk 0:20:39]} Ke3 {[%clk 0:04:08]} 70. Bc2 {[%clk
0:20:59]} Kd4 {[%clk 0:04:11]} 71. Bb3 {[%clk 0:21:25]} Ke4 {[%clk 0:03:51]} 72.
Bc2+ {[%clk 0:21:50]} Kf4 {[%clk 0:03:57]} 73. Bb1 {[%clk 0:22:14]} Ke3 {[%clk
0:04:03]} 74. Bc2 {[%clk 0:22:40]} 1/2-1/2

[Event "Irena Warakomska Memorial A"]
[Site "Suwalki"]
[Date "2021.07.30"]
[Round "5"]
[White "Stanisz, Patryk"]
[Black "Dwilewicz, Katarzyna"]
[Result "0-1"]
[Board "35"]
[WhiteElo "2140"]
[WhiteCountry "POL"]
[WhiteFideId "1123106"]
[WhiteEloChange "-12"]
[BlackElo "2082"]
[BlackTitle "WFM"]
[BlackCountry "POL"]
[BlackFideId "1148486"]
[BlackEloChange "12"]

1. Nf3 {[%clk 1:30:57]} Nf6 {[%clk 1:30:39]} 2. c4 {[%clk 1:31:06]} e6 {[%clk
1:30:51]} 3. d4 {[%clk 1:29:55]} d5 {[%clk 1:31:01]} 4. Nc3 {[%clk 1:28:41]} c6
{[%clk 1:31:18]} 5. cxd5 {[%clk 1:28:57]} exd5 {[%clk 1:31:42]} 6. Qc2 {[%clk
1:28:51]} g6 {[%clk 1:31:50]} 7. Bg5 {[%clk 1:28:48]} Be7 {[%clk 1:32:04]} 8. e3
{[%clk 1:26:58]} Bf5 {[%clk 1:31:45]} 9. Bd3 {[%clk 1:27:16]} Bxd3 {[%clk
1:32:08]} 10. Qxd3 {[%clk 1:27:41]} Nbd7 {[%clk 1:30:07]} 11. O-O {[%clk
1:24:38]} O-O {[%clk 1:27:09]} 12. Nd2 {[%clk 1:19:13]} Re8 {[%clk 1:25:55]} 13.
f3 {[%clk 1:04:33]} Nf8 {[%clk 1:19:12]} 14. Rae1 {[%clk 0:58:21]} Qb6 {[%clk
1:14:11]} 15. b4 {[%clk 0:53:24]} Ne6 {[%clk 1:06:28]} 16. Bh4 {[%clk 0:51:55]}
Rad8 {[%clk 0:52:18]} 17. Rb1 {[%clk 0:45:43]} a6 {[%clk 0:48:38]} 18. Nb3 {[%clk
0:41:34]} Qxb4 {[%clk 0:43:05]} 19. Nd2 {[%clk 0:38:45]} Qa3 {[%clk 0:25:13]} 20.
Rxb7 {[%clk 0:36:20]} Nh5 {[%clk 0:25:31]} 21. Ndb1 {[%clk 0:31:00]} Qd6 {[%clk
0:25:49]} 22. Bxe7 {[%clk 0:27:05]} Rxe7 {[%clk 0:26:11]} 23. Rxe7 {[%clk
0:26:30]} Qxe7 {[%clk 0:26:37]} 24. Qxa6 {[%clk 0:26:22]} c5 {[%clk 0:25:54]} 25.
dxc5 {[%clk 0:15:51]} Qxc5 {[%clk 0:22:45]} 26. Qe2 {[%clk 0:13:28]} Nhf4 {[%clk
0:20:13]} 27. Qf2 {[%clk 0:13:17]} Nd3 {[%clk 0:20:11]} 28. Qd2 {[%clk 0:13:34]}
Ne5 {[%clk 0:18:03]} 29. Re1 {[%clk 0:12:18]} Kg7 {[%clk 0:09:59]} 30. Kh1 {[%clk
0:11:30]} Nc4 {[%clk 0:07:24]} 31. Qf2 {[%clk 0:10:06]} Rb8 {[%clk 0:07:16]} 32.
Na4 {[%clk 0:08:41]} Qa7 {[%clk 0:04:30]} 33. Nbc3 {[%clk 0:08:54]} Rb4 {[%clk
0:04:19]} 34. f4 {[%clk 0:03:57]} f5 {[%clk 0:02:48]} 35. Qf3 {[%clk 0:03:26]}
Nc7 {[%clk 0:02:19]} 36. Qd1 {[%clk 0:01:19]} Nxe3 {[%clk 0:02:15]} 37. Qd2
{[%clk 0:00:49]} Rxf4 {[%clk 0:00:42]} 38. h3 {[%clk 0:00:46]} d4 {[%clk
0:00:39]} 39. Ne2 {[%clk 0:00:40]} Re4 {[%clk 0:00:37]} 40. Nb2 {[%clk 0:30:33]}
Ne6 {[%clk 0:30:36]} 41. Nd3 {[%clk 0:26:03]} Nc4 {[%clk 0:22:48]} 42. Qc2 {[%clk
0:24:38]} Qa6 {[%clk 0:21:40]} 43. Nb4 {[%clk 0:14:55]} Qb5 {[%clk 0:21:13]} 44.
Nd3 {[%clk 0:13:15]} Ne5 {[%clk 0:19:42]} 45. Rd1 {[%clk 0:06:59]} Nxd3 {[%clk
0:19:39]} 46. Rxd3 {[%clk 0:07:02]} Qe5 {[%clk 0:15:51]} 47. Ng1 {[%clk 0:05:20]}
Nf4 {[%clk 0:13:53]} 48. Nf3 {[%clk 0:04:50]} Qd6 {[%clk 0:12:19]} 49. Rb3 {[%clk
0:03:17]} d3 {[%clk 0:09:11]} 50. Rb7+ {[%clk 0:02:50]} Kh6 {[%clk 0:09:37]} 51.
Qf2 {[%clk 0:03:00]} Nh5 {[%clk 0:09:26]} 52. Qd2+ {[%clk 0:01:23]} Qf4 {[%clk
0:07:37]} 53. Qxd3 {[%clk 0:00:32]} Ng3+ {[%clk 0:07:58]} 54. Kh2 {[%clk
0:00:29]} Rc4 {[%clk 0:01:36]} 55. Qd8 {[%clk 0:00:37]} Ne2+ {[%clk 0:01:46]} 56.
g3 {[%clk 0:00:32]} Qxg3+ {[%clk 0:02:08]} 57. Kh1 {[%clk 0:00:55]} Qxf3+ {[%clk
0:02:17]} 0-1

[Event "Irena Warakomska Memorial A"]
[Site "Suwalki"]
[Date "2021.07.30"]
[Round "5"]
[White "Maj, Pawel"]
[Black "Kaczmarek, Arkadiusz"]
[Result "1/2-1/2"]
[Board "36"]
[WhiteElo "2113"]
[WhiteCountry "POL"]
[WhiteFideId "21818290"]
[WhiteEloChange "1"]
[BlackElo "2147"]
[BlackCountry "POL"]
[BlackFideId "1178393"]
[BlackEloChange "-1"]

1. d4 {[%clk 1:30:58]} d5 {[%clk 1:30:49]} 2. c4 {[%clk 1:31:21]} c6 {[%clk
1:31:04]} 3. Nf3 {[%clk 1:31:45]} Nf6 {[%clk 1:31:18]} 4. Qb3 {[%clk 1:32:07]}
dxc4 {[%clk 1:31:11]} 5. Qxc4 {[%clk 1:32:32]} Bf5 {[%clk 1:31:16]} 6. g3 {[%clk
1:32:48]} e6 {[%clk 1:31:18]} 7. Bg2 {[%clk 1:32:57]} Be7 {[%clk 1:31:07]} 8. O-O
{[%clk 1:32:34]} O-O {[%clk 1:31:06]} 9. Qb3 {[%clk 1:29:51]} Qb6 {[%clk
1:29:09]} 10. Nbd2 {[%clk 1:29:13]} h6 {[%clk 1:20:00]} 11. Nc4 {[%clk 1:17:23]}
Qa6 {[%clk 1:11:11]} 12. Bf4 {[%clk 1:07:41]} Rd8 {[%clk 1:05:42]} 13. Rfd1
{[%clk 1:06:20]} Be4 {[%clk 1:04:03]} 14. Ncd2 {[%clk 0:58:42]} Bh7 {[%clk
0:52:58]} 15. Bf1 {[%clk 0:55:45]} Qb5 {[%clk 0:46:59]} 16. Nc4 {[%clk 0:37:54]}
Nd5 {[%clk 0:40:08]} 17. e3 {[%clk 0:32:21]} g5 {[%clk 0:18:59]} 18. Bxb8 {[%clk
0:31:06]} Raxb8 {[%clk 0:14:22]} 1/2-1/2

[Event "Irena Warakomska Memorial A"]
[Site "Suwalki"]
[Date "2021.07.30"]
[Round "5"]
[White "Dylag, Emilia"]
[Black "Krainski, Aleksander"]
[Result "1-0"]
[Board "37"]
[WhiteElo "2144"]
[WhiteTitle "WFM"]
[WhiteCountry "POL"]
[WhiteFideId "21805172"]
[WhiteEloChange "8"]
[BlackElo "2066"]
[BlackTitle "FM"]
[BlackCountry "POL"]
[BlackFideId "1102400"]
[BlackEloChange "-8"]

1. d4 {[%clk 1:30:30]} d5 {[%clk 1:30:39]} 2. c4 {[%clk 1:31:21]} e6 {[%clk
1:31:04]} 3. Nc3 {[%clk 1:31:43]} Nf6 {[%clk 1:31:26]} 4. cxd5 {[%clk 1:32:07]}
exd5 {[%clk 1:31:51]} 5. Bg5 {[%clk 1:32:28]} c6 {[%clk 1:32:10]} 6. e3 {[%clk
1:32:47]} h6 {[%clk 1:32:32]} 7. Bh4 {[%clk 1:33:02]} Be7 {[%clk 1:32:54]} 8. Bd3
{[%clk 1:33:12]} O-O {[%clk 1:33:05]} 9. Qc2 {[%clk 1:32:43]} Re8 {[%clk
1:33:26]} 10. Nge2 {[%clk 1:30:01]} Nbd7 {[%clk 1:31:42]} 11. O-O {[%clk
1:27:12]} b5 {[%clk 1:31:53]} 12. f3 {[%clk 1:24:50]} Bb7 {[%clk 1:25:14]} 13.
Rad1 {[%clk 1:21:24]} a6 {[%clk 1:25:08]} 14. Bf2 {[%clk 1:17:58]} c5 {[%clk
1:20:12]} 15. Qd2 {[%clk 1:04:47]} c4 {[%clk 1:15:33]} 16. Bb1 {[%clk 1:02:57]}
b4 {[%clk 1:14:29]} 17. Na4 {[%clk 1:03:21]} Bc6 {[%clk 1:12:45]} 18. b3 {[%clk
0:59:27]} Bxa4 {[%clk 1:06:21]} 19. bxa4 {[%clk 0:59:51]} Qa5 {[%clk 1:05:37]}
20. e4 {[%clk 0:53:44]} dxe4 {[%clk 0:52:26]} 21. fxe4 {[%clk 0:53:43]} Qxa4
{[%clk 0:43:37]} 22. Be3 {[%clk 0:40:50]} c3 {[%clk 0:39:56]} 23. Qd3 {[%clk
0:38:02]} Qb5 {[%clk 0:39:42]} 24. Qc2 {[%clk 0:36:31]} Nf8 {[%clk 0:36:43]} 25.
e5 {[%clk 0:30:37]} N6h7 {[%clk 0:32:02]} 26. Ng3 {[%clk 0:27:54]} Rad8 {[%clk
0:18:21]} 27. Qf2 {[%clk 0:26:51]} f6 {[%clk 0:08:45]} 28. Nh5 {[%clk 0:24:23]}
Rd7 {[%clk 0:05:17]} 29. Qg3 {[%clk 0:19:13]} g5 {[%clk 0:04:17]} 30. exf6 {[%clk
0:18:37]} Bd6 {[%clk 0:03:58]} 31. f7+ {[%clk 0:15:46]} Rxf7 {[%clk 0:03:37]} 32.
Qxd6 {[%clk 0:16:07]} Rxf1+ {[%clk 0:02:08]} 33. Rxf1 {[%clk 0:16:32]} Rxe3
{[%clk 0:02:33]} 34. Bxh7+ {[%clk 0:16:42]} Nxh7 {[%clk 0:02:53]} 35. Qg6+ {[%clk
0:17:05]} 1-0